000
00300nam a22001337a 4500
008
170623b xxu||||| |||| 00| 0 eng d
020
_a
9780205723904
041
_a
eng
080
_2
9TH
_a
327
100
_a
21
101
_a
SHP
245
_a
INTERNATIONAL POLITICS
_c
GOLDSTEIN,J,S
942
_2
udc
_c
BK
999
_c
19040
_d
19040